| 000 | 01479nam a22003977a 4500 | ||
|---|---|---|---|
| 003 | CHAP | ||
| 005 | 20220329135530.0 | ||
| 008 | 971013s1971 r 00010 d | ||
| 010 | _a38112 | ||
| 011 | _a39084 | ||
| 035 | _a43204 | ||
| 040 | _cCHAP | ||
| 090 | _aTesis | ||
| 100 | 0 | 0 |
_aQuiroz Chavolla, Alfonso. _993516 |
| 245 | _aAnálisis preliminar de los servicios de información científica y técnica en México y de una política para su integración en un sistema nacional | ||
| 260 |
_aMéxico, D. F. : _bEl autor, _c1971 |
||
| 300 | _a284 p. | ||
| 502 | _aTesis (Ing. Mécanico Electricista) -- UNAM. Facultad de Ingeniería | ||
| 590 |
_aALEPH _b10 _c20130110 _lUCH01 _h1304 |
||
| 590 |
_aBATCH-UPD _b10 _c20130110 _lUCH01 _h0052 |
||
| 590 |
_aBATCH-UPD _b10 _c20130110 _lUCH01 _h1622 |
||
| 590 |
_aBATCH-UPD _b10 _c20130410 _lUCH01 _h1016 |
||
| 590 |
_aBATCH-UPD _b10 _c20130914 _lUCH01 _h0237 |
||
| 590 |
_aCONVERSION _b10 _c20130109 _lUCH01 _h1321 |
||
| 650 | 1 | 4 |
_aAlmacenamiento y recuperación de la información. _94462 |
| 650 | 1 | 4 |
_aCiencia _xServicios de información. _923135 |
| 650 | 1 | 4 |
_aDocumentación. _933172 |
| 650 | 1 | 4 |
_aServicios de información. _9105330 |
| 650 | 1 | 4 |
_aTecnología _xServicios de información. _9111956 |
| 700 | 0 |
_aGuzmán Sánchez, Noé. _952016 |
|
| 700 | 0 |
_aIzaguirre Viruez, Carlos Estuardo. _960741 |
|
| 700 | 0 |
_aPérez Solorio, Roberto. _990044 |
|
| 901 | _aBK | ||
| 942 | _cTESIS | ||
| 949 |
_bBC _cTES _d-99161 _eTS1 _i43204 _si |
||
| 999 |
_c38112 _d38112 |
||